Uns Óculos para a Rita (Registo nº 28407)
[ vista simples ]
| 000 -Etiqueta do registo | |
|---|---|
| Valores | 00525cam a2200217 4500 |
| 010 ## - Número ISBN | |
| ISBN | 9722619089 |
| 021 ## - Número do Depósito Legal | |
| -- | PT |
| Número | 163683/01 |
| 090 ## - | |
| -- | 28407 |
| 095 ## - | |
| -- | PTBN00839186 |
| 100 ## - Dados gerais de processamento | |
| Dados gerais | 20070918d2001 c y0pory5003 ba |
| 101 0# - Língua de publicação | |
| -- | por |
| 102 ## - País de publicação | |
| -- | PT |
| 200 1# - Titulo e menção de responsabilidade | |
| Título próprio | Uns Óculos para a Rita |
| Primeira menção de responsabilidade | Luísa Ducla Soares |
| Outras menções de responsabilidade | il. Olé Design |
| 210 ## - Publicação | |
| Local de publicação | Porto |
| Nome do editor | Civilização |
| Data de publicação | 2001 |
| 215 ## - Descrição física | |
| Paginação / Volumes | [32] p. |
| Dimensões | 26 cm |
| 700 #1 - Autor principal (pessoa individual) | |
| Apelido | Soares |
| Nome | Ducla |
| 801 #0 - Fonte de origem | |
| País | PT |
| 930 ## - | |
| -- | BECRE |
| 990 ## - Elementos KOHA | |
| Tipo de documento | Livro |
| 995 ## - Localização e informação dos exemplares | |
| -- | 18 |
| Situação do levantamento | Estado | Biblioteca de origem | Biblioteca de empréstimo | Código de barras | Cota | Permissão de empréstimo | Tipo de documento |
|---|---|---|---|---|---|---|---|
| Completo | Biblioteca do Centro Escolar de Viana do Alentejo | Biblioteca do Centro Escolar de Viana do Alentejo | 686BV | 087.5 SOA | Disponível | Livro |